Регионална библиотека "Любен Каравелов" - Русе

[Деветдесет и девет] 99 съвета за българския правоговор (Запис номер 66469)

MARC детайли
000 -Лидер
Контролно поле с фиксирана дължина 01222nam a2200325 c 4500
003 - Код на организацията, давaща контролен номер
Контролно поле BLK
005 - Дата и час на последна редакция
Контролно поле 20180422102831.0
008 - Елементи от данни с фиксирана дължина
fixed length control field 180408b bul|||||r ||||||| ||bul||
010 ## - Наследен системен номер
LC control number KNG00070766000
020 ## - Международен стандартен номер на книга ISBN
Международен стандартен номер на книга ISBN 954-01-1831-Х
-- издат.: Просвета
040 ## - Източник на каталожния запис
Идентификатор на билиотеката - собственик на записа BLK
041 ## - Код за език
Код за езика на текст/звукозапис или на отделно заглавие Български
Код за езика КДБФ Български
080 ## - УДК
Текстов определител УДК Български език
УДК код - определител по УДК 811.163.2
УДК определител -15(035)
УДК - код + определител 811.163.2-15(035)
100 1# - Редна дума - Автор
Автор Мурдаров, Владко Данаилов
Авторска отговорност първи автор
R(LIN) 366170
139 ## - Редно поле
Редна дума Мурдаров, Владко Данаилов
Авторски знак Му - М 95
245 10 - Сведения за заглавието
Заглавие [Деветдесет и девет] 99 съвета за българския правоговор
Редно поле (дума) Владко Данаилов Мурдаров.
257 ## - Страна на издаване
Страна на създаване/издаване България
260 ## - Област на издателските данни
-- София
Име на издателя, разпространителя и проч. Просвета
Година на издаване 2006
Печатница София : Инвестпрес
300 ## - Физическа характеристика
Страници 176 с.
Размери/Мащаб 21 см
380 ## - Жанр
Жанр Езикознание. Филология
490 1# - СЕРИИ (Колекции)
Име на серия Поредица Родна реч
650 #4 - Допълнително описание по предмет – тема
Основно описание – тема или топоним Български език - правоговор
9 (RLIN) 260154
653 ## - Ключова дума – ненормативна
Ключова дума български език
653 ## - Ключова дума – ненормативна
Ключова дума правоговор
852 ## - Местоположение
Форматна сигнатура Цб 230865
856 4# - Електронен адрес и достъп
Електронен формат pdf - файл
Път до файла /url/
856 4# - Електронен адрес и достъп
Електронен формат pdf - файл
Път до файла /url/
942 ## - АРТИКУЛИ
Вид на библиотечния материал Книги
Скрит в OPAC Не
944 ## - СЪЗДАВАНЕ И РЕДАКЦИЯ на ЗАПИСА
Създаване/Редакция Създаване
Дата на регистрацията/редакция 25.01.2007
Служител, извършил регистрацията/редакцията Цветанка_Енчева
944 ## - СЪЗДАВАНЕ И РЕДАКЦИЯ на ЗАПИСА
Създаване/Редакция Редакция
Дата на регистрацията/редакция 26.03.2007
Служител, извършил регистрацията/редакцията
999 ## - СИСТЕМНИ КОНТРОЛНИ НОМЕРА
Koha biblionumber 66469
Koha biblioitemnumber 66469
Наличности
Код за отписване Код за изгубен артикул Източник на класификационната схема Код за повреда Коз за рестрикции Код за отдаване Артикулен № Име на библиотеката - собственик Име на библиотеката, в която се намира в момента Статус (Текущо местоположение) Дата на вписване в системата Местоположение - отдел Цена в лева Инвентарен номер Систематично азбучна сигнатура Баркод Номер на екземпляра Цена в евро Служебна бележка Служебен тип на артикула
  Не е изгубен Universal Decimal Classification Не е повреден без рестрикции заемане за дома 110229 Регионална библиотека "Любен Каравелов" Русе Регионална библиотека "Любен Каравелов" Русе Заемна - подръчен фонд 2007-01-25 Заемна - подръчен фонд 5.90 120000708828 811.163.2/М 95 В д 120000708828 1 3.02 Дост: Pk Вид: Ф N: 810 Дата: 22.01.2007 Дата инв: 08.02.2018 Бележки инв: П2018 Книги
  Не е изгубен   Не е повреден без рестрикции ползва се в читалня 110230 Регионална библиотека "Любен Каравелов" Русе Регионална библиотека "Любен Каравелов" Русе Хранилище 2007-03-16 Хранилище 5.90 120000711278 Цб 230865 120000711278 2 3.02 Дост: Dp Вид: Д N: 29 Дата: 21.06.2006 Книги
Vip Innovations Ltd, Rousse, Bulgaria 2025